Holiday Quiz

Random Holiday or Christmas Quiz

Holiday Characters Quiz Stats

 Plays Quiz Updated Jul 27, 2017

     
Support Sporcle.
Go Orange.
Score 0/12 Timer 03:00
6 Plays Today
% Correct
The Grinch
97.9%
Santa Claus
95.9%
Frosty the Snowman
90.9%
Rudolph
90.2%
Scrooge
87.1%
Buddy the Elf
74%
Jack Skellington
71.5%
Snow Miser
59.4%
Jack Frost
54.5%
Ralphie
42%
George Bailey
27.4%
Winter Warlock
16.1%

From the Vault

Last Letter US States Blitz

by Flick

Geography 15s
All's well that ends well.
Remove Ads.
Support Sporcle.
Get the best of Sporcle when you Go Orange. This ad-free experience offers more features, more stats, and more fun while also helping to support Sporcle. Thank you for becoming a member.

Show Comments

Extras

Top Quizzes Today


Score Distribution

Your Account Isn't Verified!

In order to create a playlist on Sporcle, you need to verify the email address you used during registration. Go to your Sporcle Settings to finish the process.

Report this User

Report this user for behavior that violates our Community Guidelines.

Details: